000
00335nam a2200121 a 4500
005
20140414131904.0
008
100922s19uu xx 00 eng d
050
_a
FIC
_b
M11 2002
100
_a
McCombie, Karen
245
_a
Angels, arguments and a furry merry christmas.
260
_a
New York :
_b
Scholastic ,
_c
2002.
999
_c
110810
_d
110810